000 00623nam a22001817a 4500
005 20230106155826.0
008 230106b hu||||| |||| 00| 0 eng d
050 _aQK495.C75
_bG74 1972
100 1 _aGreguss, Pal
245 1 0 _aXylotomy of the living conifers
_c/ Pál Greguss ; traducción Bálint Balkay.
250 _a1a ed.
260 _aBudapest, Hungría :
_bAkadémiai Kiadó,
_c1972
300 _a329 p. :
_bil. ;
_c25 cm.
500 _a808 microphotos on 175 plates and 145 plates whith drawings
504 _aIncluye bibliografías e índice
650 4 _aConíferas anatomía
942 _2lcc
_cLIB
999 _c58812
_d58812